Farm rents in England and Wales: 1984 enquiry (Record no. 91773)

MARC details
000 -LEADER
fixed length control field 00507cam a2200193 4500
001 - CONTROL NUMBER
control field D330
008 - FIXED-LENGTH DATA ELEMENTS--GENERAL INFORMATION
fixed length control field 090401t1985 xxu||||| |||| 00| 0 eng d
035 ## - SYSTEM CONTROL NUMBER
System control number (Sirsi) u45593
041 ## - LANGUAGE CODE
Language code of text/sound track or separate title eng
050 ## - LIBRARY OF CONGRESS CALL NUMBER
Classification number 333.335
110 ## - MAIN ENTRY--CORPORATE NAME
Corporate name or jurisdiction name as entry element Agricultural Development and Advisory Services
9 (RLIN) 1175
245 ## - TITLE STATEMENT
Title Farm rents in England and Wales: 1984 enquiry
260 ## - PUBLICATION, DISTRIBUTION, ETC.
Place of publication, distribution, etc. Alnwick, Northumberland
Name of publisher, distributor, etc. MAFF
Date of publication, distribution, etc. 1985
300 ## - PHYSICAL DESCRIPTION
Extent 81p. 21cm
350 ## - PRICE (NR) (BK AM CF MU VM SE) [OBSOLETE]
Price 0
490 ## - SERIES STATEMENT
Series statement Booklet
Volume/sequential designation 2319 (84)
942 ## - ADDED ENTRY ELEMENTS (KOHA)
Suppress in OPAC 0
948 ## - LOCAL PROCESSING INFORMATION (OCLC); SERIES PART DESIGNATOR (RLIN)
c (OCLC) 04/03/1997
Holdings
Withdrawn status Lost status Source of classification or shelving scheme Damaged status Not for loan Home library Current library Shelving location Date acquired Total Checkouts Full call number Barcode Date last seen Copy number Price effective from Koha item type
    Dewey Decimal Classification     London London Basement 14/09/1999   BASMENT 1 30028193 06/08/2019 1 06/08/2019 Reference material